000 00619nam a2200217Ii 4500
003 JO-AjNU
008 230606s9999||||xx |||||||||||||| ||und||
020 _a 0-07-061573-X
040 _aJO-AjNU
_beng
_erda
_cJO-AjNU
041 _aeng
050 1 4 _aBF121.S2642.2005
100 3 _aSantrock,John W,
_eauthor
_91330
245 0 0 _aPsychology:Essentials
250 _aSecond Edition
264 3 1 _aNew Delhi:Tata McGraw Hill Education , 2009
300 _a543p
336 _atext
_btxt
_2rdacontent
337 _aunmediated
_bn
_2rdamedia
338 _avolume
_bnc
_2rdacarrier
650 4 _aPsychology-Textbooks
_91331
999 _aE700
_c700
_d700